Datum a čas kvízu
23.5
Celkem bodů
Celkový počet nahraných bodů na tomto kvízu bez doplňovacích otázek.
12.
Pořadí na kvízu
Konečné umístění týmu na tomto kvízu.
Zaznamenané odpovědi
| # | Otázka | Odpověď | Body | Výsledky |
|---|---|---|---|---|
| 1. | Na půdě Poslanecké sněmovny se... | obrázek Milady Horákové | 1 | |
| 2. | Uplynulý týden řešila administ... | John Bolton | 1 | |
| 3. | V sobotu se konalo odložené vy... | Jiří Černý | 1 | |
| 4. | České dráhy minulý týden vylep... | Můj vlak | 1 | |
| 5. | Minulý týden skončily spekulac... | Chelsea | 1 | |
| 6. | Napište dvě řecké předpony pou... | mega, mikro | 1 | |
| 7. | Vzpomenete si, kolik otázek v... | 4 otázky | 0 | |
| 8. | Uveďte právní formu Milionu ch... | B | 1 | |
| 9. | V žebříčku deseti měst USA s v... | Kalifornie a Texas | 0.5 | |
| 10. | Jaká je průměrná vzdálenost Ze... | 150 miliónů km | 1 |